Nr. 1 Hits in den USA 1992 - Statistiken

Allgemein
  • Dieses Quiz wurde 28 mal gespielt
  • Das Durchschnittsergebnis liegt bei 5 aus 13
Antwortstatistiken
Wochen auf Platz 1 Lied Interpret % Korrekt
14 Wochen I Will Always Love You Whitney Houston
100%
7 Wochen Black or White Michael Jackson
96%
3 Wochen I’m Too Sexy Right Said Fred
63%
3 Wochen To Be with You Mr. Big
42%
13 Wochen End of the Road Boyz II Men
38%
1 Woche Don't Let the Sun Go Down on Me George Michael & Elton John
38%
2 Wochen I’ll Be There Mariah Carey
38%
8 Wochen Jump Kris Kross
33%
1 Woche This Used to Be My Playground Madonna
25%
5 Wochen Save the Best for Last Vanessa Williams
25%
5 Wochen Baby Got Back Sir Mix-a-Lot
13%
1 Woche All 4 Love Color Me Badd
0%
2 Wochen How Do You Talk to an Angel The Heights – Rockin’ Friends
0%
Keine übereinstimmenden Quizze gefunden
Verteilung der Resultate
Anzahl Personen mit jedem Resultat
Perzentil nach korrekt beantworteten Fragen
Ihre Resultats-Entwicklung
Sie haben dieses Quiz noch nicht gespielt